000 00597cam a22002053a 4500
001 35232
003 PGUSA
005 20140828083747.0
008 110210s2011||||xxu|||||s|||||000 | eng d
040 _aPGUSA
_beng
042 _adc
100 1 _aLenin, Vladimir Ilyich,
_d1870-1924
245 1 2 _aA Letter to American Workingmen
_h[electronic resource] /
_cVladimir Ilyich Lenin
260 _bProject Gutenberg,
_c2011
506 _aPublic domain in the USA.
516 _aElectronic text
830 0 _aProject Gutenberg
_v35232
856 4 0 _uhttp://www.gutenberg.org/ebooks/35232
942 _cEB
999 _c264487
_d264487